Algebra and tiling : homomorphisms in the service of geometry /

Guardado en:
Autor Principal: Stein, Sherman K.
Autor Corporativo: Mathematical Association of America.
Otros Autores: Szabó, Sándor, 1935-
Formato: Libro
Idioma:English
Publicado: [Washington, D.C.] : Mathematical Association of America, c1994.
Series:The Carus mathematical monographs ; no. 25
Etiquetas: Agregar Etiqueta
Sin Etiquetas, Sea el primero en etiquetar este registro!
LEADER 00896nam a22002295a 4500
001 MAT.inmabb000186
008 940930s1994####dcua#####b####001#0#eng#d
005 20180612124909.0
245 1 0 |a Algebra and tiling :  |b homomorphisms in the service of geometry /  |c Sherman K. Stein, Sándor Szabó. 
260 |a [Washington, D.C.] :  |b Mathematical Association of America,  |c c1994. 
300 |a xii, 207 p. :  |b il. ;  |c 22 cm. 
440 4 |a The Carus mathematical monographs ;  |v no. 25 
504 |a Incluye referencias bibliográficas e índices. 
510 4 |a MR,  |c 95k:52035 
020 |a 0883850281 
100 1 |a Stein, Sherman K. 
700 1 |a Szabó, Sándor,  |d 1935- 
710 2 |a Mathematical Association of America. 
246 3 0 |a Homomorphisms in the service of geometry 
084 |a 52C22 (05B45 52C20)  |2 MR 
859 |h 52  |i St819  |p A-7898  |b BIB. MATEMATICA 
859 |h 52  |i St819  |p A-7361  |t Ej. 2  |b BIB. MATEMATICA